Human development report 2002 : (Record no. 97538)
[ view plain ]
| 000 -LEADER | |
|---|---|
| fixed length control field | 00689cam a2200181 4500 |
| 008 - FIXED-LENGTH DATA ELEMENTS--GENERAL INFORMATION | |
| fixed length control field | 070803t20022002nyua 000 0 eng u |
| 020 ## - INTERNATIONAL STANDARD BOOK NUMBER | |
| International Standard Book Number | 0195219155 |
| 245 00 - TITLE STATEMENT | |
| Title | Human development report 2002 : |
| Remainder of title | deepening democracy in a fragmented world. |
| 246 30 - VARYING FORM OF TITLE | |
| Title proper/short title | Deepening democracy in a fragmented world |
| 260 ## - PUBLICATION, DISTRIBUTION, ETC. (IMPRINT) | |
| Place of publication, distribution, etc | New York, N.Y. : |
| Name of publisher, distributor, etc | Oxford University Press, |
| Date of publication, distribution, etc | c2002 |
| 300 ## - PHYSICAL DESCRIPTION | |
| Extent | xiv, 277 p. : |
| Other physical details | il. ; |
| Dimensions | 28 cm. |
| 504 ## - BIBLIOGRAPHY, ETC. NOTE | |
| Bibliography, etc | Incluye bibliografías e índice |
| 650 #4 - SUBJECT ADDED ENTRY--TOPICAL TERM | |
| Topical term or geographic name as entry element | Democracia |
| Form subdivision | estudios Cruz-culturales |
| 650 #4 - SUBJECT ADDED ENTRY--TOPICAL TERM | |
| Topical term or geographic name as entry element | político participación |
| Form subdivision | cultural estudiar |
| 942 ## - ADDED ENTRY ELEMENTS (KOHA) | |
| Source of classification or shelving scheme | Biblioteca del Cogreso de los Estados Unidos |
| Koha item type | |
No items available.